00733nam a2200193Ia 4500008004100000020001800041041000800059082001600067100002600083245004500109250001200154260002600166300002800192365001700220700002600237906006100263999001900324952019600343230718s9999 xx 000 0 und d a9783662015643 aeng a612.78bFLA aFlanagan J.L.9199411 aSpeech Analysis Synthesis And Perception a2nd ed. c1983bSpringer Verlag a444dRef 1581 C (54239) cRs.b6828.71 aFlanagan J.L.9199411 dO:0527625-Aug-2016B:SE/SI/324219-Aug-2016cCOMPb1707.18 c343032d343032 00102ddc3Ref 1581 C (54239)4073aCCEPbCCEPd2016-08-25eSuyog EnterprisesfCOMPg5121.53iSE/SI/3242o612.78pCCEP-BK-54239r2023-07-18 00:00:00t1707.18v6828.71w2016-08-19yBKz054239